000 01934nam a22004457a 4500
001 14424563
003 OSt
005 20210426063429.0
008 060622s2007 nyua b 001 0 eng
010 _a 2006020852
020 _a0446526568
020 _a9780446526562
035 _a(OCoLC)ocm70176901
040 _aDLC
_cDLC
_dBAKER
_dBTCTA
_dC#P
_dYDXCP
_dGZM
_dVP@
_dDLC
_beng
041 _aeng
050 0 0 _aHD58.7
_b.S935 2007
080 _a65
_bS-95
082 0 0 _a650.1/3
_222
100 1 _aSutton, Robert I.
245 1 4 _aThe no asshole rule :
_bbuilding a civilized workplace and surviving one that isn't /
_c/ by: Warner Business Books
246 3 0 _aBuilding a civilized workplace
250 _a1st edition
260 _aNew York
_bWarner Business Books
_c2007.
300 _a238 p.
_bill.
_c22 cm.
365 _b14.99 usd
504 _aIncludes bibliographical references (p. [189]-191) and index.
505 0 _aWhat workplace assholes do and why you know so many -- The damage done: why every workplace needs the rule -- How to implement the rule, enforce it, and keep it alive -- How to stop your "inner jerk" from getting out -- When assholes reign: tips for surviving nasty people and workplaces -- The virtues of assholes -- The no asshole rule as a way of life.
650 0 _aOrganizational behavior.
650 0 _aBusiness
_9323
650 0 _aBullying in the workplace.
650 0 _aPsychological abuse.
650 0 _aCourtesy.
650 0 _aWork environment.
653 _aბიზნესი
856 4 1 _3Table of contents only
_uhttp://www.loc.gov/catdir/toc/ecip0616/2006020852.html
856 4 2 _3Publisher description
_uhttp://www.loc.gov/catdir/enhancements/fy0729/2006020852-d.html
906 _a7
_bcbc
_corignew
_d1
_eecip
_f20
_gy-gencatlg
942 _2udc
_cBK
_e1
999 _c1475
_d1475